| 000 | 01006cam a22002415a 4500 | ||
|---|---|---|---|
| 001 | L157871 | ||
| 002 | 19293 | ||
| 008 | 130620s2012 xxk f 000 0 eng d | ||
| 020 | _a9780470672341 | ||
| 035 | _a(Sirsi) u157871 | ||
| 041 | 0 | _aeng | |
| 050 | 0 | 4 | _a624.08 |
| 100 | 1 | _aRowlinson, Michael | |
| 245 | 0 | 2 | _aA practical guide to the NEC3 professional services contract |
| 260 |
_aJohn Wiley & Sons Ltd _c2012 |
||
| 350 | _a69.99 | ||
| 520 | _aThis book is a practical guide to the application of the PSC. Starting with a brief discussion of the background and philosophy behind the PSC, it identifies the roles and responsibilities of each of the named functions within the contract, explains the approaches required to achieve a successful working relationship between all parties, and examines all the procedures in the PSC. | ||
| 521 | _aKA | ||
| 650 | 2 | 4 | _aNEW ENGINEERING CONTRACT (THIRD EDITION) |
| 651 | 4 | _aENGLAND AND WALES | |
| 690 | _aPROFESSIONAL SERVICES CONTRACT | ||
| 942 | _n0 | ||
| 999 |
_c115007 _d115007 |
||